[Event "III Festival A"]
[Site "Bernate Ticino ITA"]
[Date "2000.07.08"]
[Round "5"]
[White "Perotti, Davide"]
[Black "Cammarota, Vittorio"]
[Result "1-0"]
[WhiteElo "1701"]
[BlackElo "1690"]
[PlyCount "121"]
[EventDate "2000.07.06"]

1.Nf3 Nf6 2.c4 g6 3.b3 Bg7 4.Bb2 d6 5.g3 O-O 6.Bg2 Nc6 7.O-O e5 8.Nc3 a6 
9.a3 Rb8 10.Ng5 Bd7 11.Nge4 b5 12.cxb5 axb5 13.Nxf6+ Bxf6 14.Nd5 Bg7 15.
Rc1 Re8 16.Qc2 Nd4 17.Bxd4 exd4 18.Qxc7 Rxe2 19.Rfd1 Qxc7 20.Rxc7 Bg4 21.
h3 Bf5 22.g4 Be6 23.Bf3 Re5 24.Ne7+ Kf8 25.Nc6 Bxb3 26.Nxe5 Bxe5 27.Rb1 
Be6 28.Bc6 h5 29.f3 Bc4 30.Bd7 Bd3 31.Rb3 d5 32.Rc8+ Rxc8 33.Bxc8 Bc4 34.
Rb1 Bf4 35.Ba6 Bxd2 36.Bxb5 Be3+ 37.Kg2 Ke7 38.Ba4 h4 39.Bd1 d3 40.a4 Kd6 
41.Rb7 d4 42.a5 Kc6 43.Rb6+ Kc5 44.Ba4 d2 45.Rb7 Be2 46.Rb1 Kd6 47.a6 d3 
48.Bd1 Ke5 49.Ra1 Kf4 50.Rb1 Ke5 51.Rb5+ Kd6 52.Rb1 Ke5 53.Ra1 Kf4 54.Ra4+
Ke5 55.Re4+ Kd5 56.Bb3+ Kc5 57.a7 d1=Q 58.Bxd1 Bxd1 59.Rxe3 Bxf3+ 60.Kxf3 
d2 61.Ke2 1-0

[Event "III Festival A"]
[Site "Bernate Ticino ITA"]
[Date "2000.07.08"]
[Round "5"]
[White "Rossi, Giampiero"]
[Black "Bemporad, Filippo"]
[Result "1/2-1/2"]
[WhiteElo "2101"]
[BlackElo "2140"]
[PlyCount "72"]
[EventDate "2000.07.06"]

1.d4 d5 2.c4 c6 3.cxd5 cxd5 4.Nc3 Nf6 5.Nf3 Nc6 6.Bf4 e6 7.e3 Be7 8.Rc1 
O-O 9.Bd3 Bd7 10.h3 Rc8 11.O-O Na5 12.Qe2 a6 13.Ne5 b5 14.Nxd7 Qxd7 15.
Rfd1 Nc4 16.b3 Nd6 17.Bxd6 Bxd6 18.Qb2 Qe7 19.Nb1 Qb7 20.Rxc8 Rxc8 21.Rc1 
g6 22.Rxc8+ Qxc8 23.Qc2 Qxc2 24.Bxc2 b4 25.Kf1 Kf8 26.Ke2 Ke7 27.Nd2 a5 
28.f3 Bc7 29.Bd3 Ne8 30.f4 Nd6 31.g4 f6 32.Nf3 Nf7 33.g5 fxg5 34.Nxg5 h6 
35.Nxf7 Kxf7 36.Kf3 Bd6 1/2-1/2

[Event "III Festival A"]
[Site "Bernate Ticino ITA"]
[Date "2000.07.09"]
[Round "6"]
[White "Bellini, Roberto"]
[Black "Cillo, Angelo"]
[Result "1/2-1/2"]
[WhiteElo "1575"]
[BlackElo "1734"]
[PlyCount "117"]
[EventDate "2000.07.06"]

1.d4 d5 2.c4 e6 3.Nc3 Nf6 4.Nf3 Nbd7 5.Bg5 c6 6.cxd5 exd5 7.e3 Be7 8.Be2 
O-O 9.h3 Re8 10.O-O Ne4 11.Bf4 Nxc3 12.bxc3 Nb6 13.Ne5 Bd6 14.Qb3 Be6 15.
Rfe1 Qc7 16.Nd3 Rab8 17.Bxd6 Qxd6 18.Nf4 Bf5 19.Rac1 Qh6 20.a4 g5 21.Nh5 
Nc4 22.Ng3 Be6 23.Qc2 Nd6 24.Bd3 g4 25.hxg4 Bxg4 26.e4 dxe4 27.Nxe4 Nxe4 
28.Rxe4 Rxe4 29.Bxe4 f5 30.Bd3 Kh8 31.Re1 Rg8 32.Bc4 Rf8 33.Re7 b5 34.axb5
cxb5 35.Re6 Qh5 36.Bxb5 Bf3 37.Be2 Rg8 38.Bxf3 Qxf3 39.g3 Qg4 40.Re7 Qh4 
41.Qe2 Qf6 42.Rxa7 Rb8 43.Qe5 Qxe5 44.dxe5 Rc8 45.e6 Kg8 46.Rf7 Rxc3 47.
Rxf5 Rc1+ 48.Kg2 Re1 49.f4 Rxe6 50.Kh3 Re3 51.Rg5+ Kf7 52.Kg4 h6 53.Re5 
Ra3 54.Kh4 Rf3 55.Rf5+ Kg6 56.Ra5 Rf1 57.Kg4 Rg1 58.Ra6+ Kg7 59.f5 1/2-1/2

[Event "III Festival A"]
[Site "Bernate Ticino ITA"]
[Date "2000.07.09"]
[Round "6"]
[White "Bemporad, Filippo"]
[Black "Cazzaniga, Walter"]
[Result "1/2-1/2"]
[WhiteElo "2140"]
[BlackElo "2170"]
[PlyCount "97"]
[EventDate "2000.07.06"]

1.d4 Nf6 2.Nf3 g6 3.c4 Bg7 4.Nc3 d6 5.g3 O-O 6.Bg2 c6 7.O-O Nbd7 8.e4 e5 
9.h3 exd4 10.Nxd4 Re8 11.b3 Nc5 12.Re1 a5 13.Rb1 Nfd7 14.Be3 Ne5 15.Qd2 f5
16.exf5 gxf5 17.Nde2 Ne4 18.Qc2 Qf6 19.Nxe4 fxe4 20.Nf4 Nf3+ 21.Bxf3 exf3 
22.Qd2 Bf5 23.Rbd1 a4 24.Kh2 axb3 25.axb3 Qc3 26.Bd4 Qxd2 27.Rxe8+ Rxe8 
28.Rxd2 Be5 29.Nh5 Kf7 30.Bxe5 dxe5 31.g4 Bb1 32.Ng3 Ke6 33.Nf1 Ra8 34.Kg3
Be4 35.Rb2 Ra1 36.Nd2 Rg1+ 37.Kh4 Re1 38.Nxe4 Rxe4 39.Kg3 Re2 40.Rb1 e4 
41.h4 Ke5 42.c5 Rd2 43.b4 e3 44.Kxf3 exf2 45.Rf1 Rd4 46.Rxf2 Rf4+ 47.Ke3 
Rxg4 48.Rf7 Rxh4 49.Rxb7 1/2-1/2

[Event "III Festival A"]
[Site "Bernate Ticino ITA"]
[Date "2000.07.09"]
[Round "6"]
[White "Cammarota, Vittorio"]
[Black "Bianchi, Alberto"]
[Result "1/2-1/2"]
[WhiteElo "1690"]
[BlackElo "2043"]
[PlyCount "103"]
[EventDate "2000.07.06"]

1.d4 Nf6 2.Nf3 e6 3.Bf4 Be7 4.e3 b6 5.Nbd2 Bb7 6.Bd3 d5 7.O-O O-O 8.Qe2 
Nbd7 9.h3 Ne4 10.c4 Ndf6 11.Rac1 Bd6 12.Ne5 Nxd2 13.Qxd2 c5 14.cxd5 Nxd5 
15.Rfe1 cxd4 16.exd4 f6 17.Nc6 Bxc6 18.Bxd6 Qxd6 19.Qc2 Ne7 20.Bxh7+ Kh8 
21.Bd3 Bd5 22.Qe2 Qf4 23.Rc7 Nf5 24.Qh5+ Qh6 25.Qg4 Rfc8 26.Rec1 Rxc7 27.
Rxc7 Qg5 28.Qxg5 fxg5 29.a3 Nxd4 30.Rd7 Nb3 31.Bg6 a5 32.Kh2 a4 33.Kg3 Nc5
34.Re7 Be4 35.Bxe4 Nxe4+ 36.Kg4 Nxf2+ 37.Kxg5 Ne4+ 38.Kg6 Nc5 39.Rxg7 Rg8 
40.Rxg8+ Kxg8 41.Kf6 Nd3 42.Kxe6 Nxb2 43.Kd5 Kf7 44.g4 Kg6 45.h4 Kh6 46.
Kd4 Kg6 47.Kc3 Nd1+ 48.Kb4 Nb2 49.Kb5 Kh6 50.Kxb6 Nc4+ 51.Kb5 Nxa3+ 52.
Kxa4 1/2-1/2

[Event "III Festival A"]
[Site "Bernate Ticino ITA"]
[Date "2000.07.09"]
[Round "6"]
[White "Genovese, Maurizio"]
[Black "Barberi, Alessandro"]
[Result "1-0"]
[WhiteElo "2285"]
[BlackElo "2113"]
[PlyCount "122"]
[EventDate "2000.07.06"]

1.d4 g6 2.c4 Bg7 3.Nc3 d6 4.e4 e5 5.dxe5 dxe5 6.Qxd8+ Kxd8 7.Nf3 Nc6 8.Be3
Nd4 9.O-O-O Bg4 10.Be2 Bxf3 11.gxf3 Ke8 12.Bxd4 exd4 13.Nb5 c5 14.Nc7+ Kd7
15.Nxa8 Ne7 16.f4 Bh6 17.Bg4+ Kc6 18.Kc2 Bxf4 19.b4 Rxa8 20.bxc5 Kxc5 21.
Rb1 b6 22.Rb5+ Kc6 23.Rd1 a6 24.Rb3 Kc5 25.h4 h6 26.Rdb1 Rb8 27.Rf3 g5 28.
hxg5 hxg5 29.Bh5 Nc6 30.Ra3 Nb4+ 31.Kb3 f6 32.Bf7 Rh8 33.Be6 Rh2 34.Rf1 a5
35.Kb2 Be3 36.Kb1 Bf4 37.Rb3 Kc6 38.a3 Na6 39.Rh3 Rxh3 40.Bxh3 Kc5 41.Rd1 
Nb8 42.Bf1 Nc6 43.Bd3 Ne5 44.Be2 Nxc4 45.Rd3 b5 46.Kc2 a4 47.Rh3 Be5 48.
Bg4 Nd6 49.Kd3 Nc4 50.Kc2 Bd6 51.Be6 Kb6 52.Kd3 Kc5 53.Rh8 Ne5+ 54.Kc2 Kb6
55.Rh6 Bxa3 56.Rxf6 d3+ 57.Kc3 Be7 58.Rf5 b4+ 59.Kd2 Bd6 60.Rf6 Kc5 61.Bg8
Be7 1-0

[Event "III Festival A"]
[Site "Bernate Ticino ITA"]
[Date "2000.07.09"]
[Round "6"]
[White "Loncar, Robert"]
[Black "Rossi, Giampiero"]
[Result "1-0"]
[WhiteElo "2415"]
[BlackElo "2101"]
[PlyCount "119"]
[EventDate "2000.07.06"]

1.c4 e6 2.Nf3 d5 3.b3 Nf6 4.g3 Be7 5.Bg2 c6 6.O-O Nbd7 7.Bb2 O-O 8.d3 b6 
9.Nbd2 Bb7 10.Qc2 Rc8 11.Rad1 Qc7 12.e4 Rfd8 13.d4 Qb8 14.e5 Ne8 15.Rfe1 
c5 16.dxc5 Nxc5 17.Nd4 dxc4 18.bxc4 Bxg2 19.Kxg2 Qb7+ 20.Kg1 Rd7 21.N2b3 
Rcd8 22.Nxc5 Bxc5 23.Nb3 Bb4 24.Rxd7 Qxd7 25.Bc3 Bxc3 26.Qxc3 Qd3 27.Qxd3 
Rxd3 28.Rc1 Kf8 29.c5 bxc5 30.Rxc5 Ke7 31.Kf1 Rd7 32.Ra5 Kd8 33.Ke2 Kc8 
34.h4 Kb8 35.Nc5 Re7 36.Rb5+ Ka8 37.h5 h6 38.Rb4 Rc7 39.Na6 Rb7 40.Rd4 
Rb2+ 41.Ke3 Kb7 42.Nc5+ Kc6 43.Nd3 Rb8 44.Rf4 Rb7 45.Rc4+ Kb5 46.Rc5+ Kb6 
47.Rc8 Re7 48.g4 Kb7 49.Rc1 Nc7 50.f4 Nd5+ 51.Kd4 Rc7 52.Nc5+ Kc8 53.f5 
Nf4 54.Rf1 Ne2+ 55.Kc4 exf5 56.gxf5 Ng3 57.f6 gxf6 58.Rg1 Rxc5+ 59.Kxc5 
Nxh5 60.Rh1 1-0

[Event "III Festival A"]
[Site "Bernate Ticino ITA"]
[Date "2000.07.09"]
[Round "6"]
[White "Lovati, Paolo"]
[Black "Brioschi, Camillo"]
[Result "1-0"]
[WhiteElo "2084"]
[BlackElo "1717"]
[PlyCount "111"]
[EventDate "2000.07.06"]

1.d4 d5 2.Nf3 e6 3.Bf4 Bd6 4.Bxd6 Qxd6 5.Qd2 Nf6 6.Nc3 a6 7.Qg5 O-O 8.Qg3 
Qxg3 9.hxg3 Nbd7 10.Rd1 c5 11.e3 Re8 12.Be2 b5 13.O-O Bb7 14.dxc5 Nxc5 15.
Ne5 b4 16.Nb1 Rac8 17.Rd4 a5 18.Bb5 Re7 19.c3 Ba6 20.Bxa6 Nxa6 21.cxb4 
axb4 22.Rfd1 Rec7 23.f3 Kf8 24.Kh2 Rc2 25.R4d2 Rxd2 26.Nxd2 Rc2 27.Nd3 Ke7
28.Nb3 Nd7 29.Nd4 Rc8 30.Rd2 Ndc5 31.Nxc5 Rxc5 32.Kg1 Nb8 33.Nb3 Rc4 34.
Kf2 Nc6 35.Ke2 Ne5 36.Kd1 Nc6 37.Rc2 Kd6 38.Nd2 Rxc2 39.Kxc2 e5 40.Kb3 Kc5
41.Kc2 Na5 42.g4 f6 43.Nf1 g6 44.Kd3 Nc4 45.Kc2 d4 46.exd4+ exd4 47.Ng3 
Nd6 48.Kd3 Kd5 49.Ne2 Nb5 50.Nf4+ Ke5 51.g3 g5 52.Ne2 Kd5 53.Nc1 Na7 54.a4
bxa3 55.bxa3 Nc6 56.f4 1-0

[Event "III Festival A"]
[Site "Bernate Ticino ITA"]
[Date "2000.07.09"]
[Round "6"]
[White "Morselli, Stefano"]
[Black "Morganti, Lionello"]
[Result "0-1"]
[WhiteElo "1696"]
[BlackElo "1726"]
[PlyCount "122"]
[EventDate "2000.07.06"]

1.Nf3 Nf6 2.d4 g6 3.c4 Bg7 4.Nc3 d6 5.e4 O-O 6.Be2 e5 7.O-O Nc6 8.d5 Ne7 
9.Ne1 Nd7 10.Nd3 f5 11.f4 fxe4 12.Nxe4 Nf5 13.Bg4 Nb6 14.fxe5 dxe5 15.b3 
Nd6 16.Bg5 Rxf1+ 17.Qxf1 Qe8 18.Bxc8 Nxe4 19.Be6+ Kh8 20.Be3 Nd7 21.Qf3 
Nef6 22.Qh3 e4 23.Nf4 Nf8 24.Rf1 g5 25.Ne2 Nxe6 26.Qxe6 Qxe6 27.dxe6 Re8 
28.Bxg5 Rxe6 29.Nd4 Ra6 30.Nb5 Ng4 31.Rd1 h6 32.Bf4 Rxa2 33.h3 c6 34.hxg4 
cxb5 35.Rd8+ Kh7 36.Rd7 Kg6 37.c5 Rc2 38.b4 a5 39.bxa5 Rxc5 40.Rxb7 b4 41.
a6 Ra5 42.Rb6+ Kh7 43.Be3 b3 44.Rxb3 Rxa6 45.Rb7 Rg6 46.Kf2 Rxg4 47.g3 Rg6
48.Bf4 Rf6 49.Ke3 Re6 50.g4 Kg6 51.Rb5 Bf6 52.Rb4 Bg5 53.Rxe4 Ra6 54.Rd4 
Be7 55.Ke4 Re6+ 56.Kf3 Bc5 57.Re4 Ra6 58.Re5 Ra3+ 59.Ke4 Ra4+ 60.Kf3 Rxf4+
61.Kxf4 Bd6 0-1

[Event "III Festival A"]
[Site "Bernate Ticino ITA"]
[Date "2000.07.09"]
[Round "6"]
[White "Pedemonte, Claudio"]
[Black "Sartorio, Diego"]
[Result "1/2-1/2"]
[WhiteElo "2013"]
[BlackElo "1705"]
[PlyCount "91"]
[EventDate "2000.07.06"]

1.c4 e6 2.Nc3 d5 3.d4 c6 4.Nf3 dxc4 5.e3 b5 6.a4 Bb4 7.Bd2 a5 8.axb5 Bxc3 
9.Bxc3 cxb5 10.b3 Bb7 11.Bb2 Nf6 12.bxc4 b4 13.c5 O-O 14.Bd3 Qc7 15.O-O 
Nbd7 16.h3 Ne4 17.Nd2 Nxd2 18.Qxd2 Nf6 19.Rfe1 Ne4 20.Qc2 f5 21.Rec1 Qc6 
22.f3 Nf6 23.Qe2 Ba6 24.Bc4 Bxc4 25.Qxc4 Rfb8 26.Re1 a4 27.e4 fxe4 28.fxe4
a3 29.Bc1 Rb7 30.Re3 Nxe4 31.Rb3 Qd5 32.Rxb4 Qxc4 33.Rxc4 a2 34.Bf4 Rb1+ 
35.Rc1 Rxc1+ 36.Bxc1 Nc3 37.Kf2 Rb8 38.c6 Rb1 39.c7 Ne4+ 40.Ke3 Nd6 41.
Rxa2 Rxc1 42.Ra6 Nf5+ 43.Ke4 Rxc7 44.Rxe6 g6 45.g4 Ng7 46.Rb6 1/2-1/2

[Event "III Festival A"]
[Site "Bernate Ticino ITA"]
[Date "2000.07.09"]
[Round "6"]
[White "Qendro, Llambi"]
[Black "Perotti, Davide"]
[Result "1-0"]
[WhiteElo "2357"]
[BlackElo "1701"]
[PlyCount "37"]
[EventDate "2000.07.06"]

1.d4 Nf6 2.c4 g6 3.g3 Bg7 4.Bg2 d6 5.Nf3 O-O 6.O-O c5 7.Nc3 a6 8.dxc5 dxc5
9.Be3 Qc7 10.Bf4 Qa5 11.Nd2 Nbd7 12.a3 e5 13.Nb3 Qc7 14.Bg5 Rb8 15.Nd5 Qd8
16.Qc1 b6 17.Rd1 Re8 18.Bh3 h6 19.Nxf6+ 1-0

[Event "III Festival A"]
[Site "Bernate Ticino ITA"]
[Date "2000.07.09"]
[Round "6"]
[White "Tosetto, Flavio"]
[Black "Chiodini, Walter"]
[Result "1-0"]
[WhiteElo "1528"]
[BlackElo "1551"]
[PlyCount "114"]
[EventDate "2000.07.06"]

1.e4 c5 2.c3 d5 3.exd5 Qxd5 4.d4 Nf6 5.Nf3 Bg4 6.Be2 Nc6 7.Be3 cxd4 8.cxd4
e6 9.Nc3 Qd6 10.O-O Be7 11.Rc1 O-O 12.Re1 Rac8 13.Ne5 Bxe2 14.Rxe2 a6 15.
a3 Rfd8 16.f4 Bf8 17.Rd2 Ne7 18.Qf3 Ned5 19.Bf2 b5 20.Rdc2 Rc7 21.Nxd5 
Rxc2 22.Nxf6+ gxf6 23.Qg4+ Bg7 24.Rxc2 fxe5 25.fxe5 Qd7 26.Be3 Kh8 27.Qe4 
f5 28.Qc6 Qf7 29.Qc7 Qf8 30.Rc6 f4 31.Bf2 f3 32.gxf3 h5 33.h4 Qg8 34.Kf1 
Qf8 35.Ke2 Rb8 36.Qd6 Qg8 37.Qxe6 Qh7 38.Rc8+ Rxc8 39.Qxc8+ Qg8 40.Qxg8+ 
Kxg8 41.Kd3 Kf7 42.Ke4 Bh6 43.Be3 Bg7 44.Bg5 Ke6 45.f4 Bf8 46.d5+ Kd7 47.
f5 Bc5 48.Be3 Bf8 49.d6 Bg7 50.Kd5 a5 51.Bg5 b4 52.axb4 axb4 53.b3 Bf8 54.
Bd2 Bh6 55.Bxh6 Ke8 56.Kc6 Kd8 57.d7 Ke7 1-0

[Event "III Festival A"]
[Site "Bernate Ticino ITA"]
[Date "2000.07.09"]
[Round "7"]
[White "Barberi, Alessandro"]
[Black "Bemporad, Filippo"]
[Result "1/2-1/2"]
[WhiteElo "2113"]
[BlackElo "2140"]
[PlyCount "124"]
[EventDate "2000.07.06"]

1.d4 d5 2.c4 c6 3.Nc3 Nf6 4.g3 g6 5.Bg2 Bg7 6.Nf3 O-O 7.O-O Ne4 8.cxd5 
Nxc3 9.bxc3 cxd5 10.Bf4 Nc6 11.Rb1 Na5 12.Nd2 Bf5 13.Rb5 Be6 14.e4 dxe4 
15.Bxe4 a6 16.Rb4 Rc8 17.Qf3 b5 18.a4 Bd7 19.Ra1 bxa4 20.Rab1 Bb5 21.Bd5 
e6 22.Ba2 Nc6 23.R4b2 e5 24.dxe5 Nxe5 25.Qe4 Nd3 26.Rxb5 axb5 27.Rxb5 Nxf4
28.Qxf4 Rxc3 29.Rb7 Qe8 30.Ne4 Rc2 31.Bd5 Qe5 32.Bxf7+ Kh8 33.Qh4 Qf5 34.
Qe7 Qxf7 35.Qxf7 Rxf7 36.Rxf7 a3 37.Ra7 Bb2 38.Kf1 Kg8 39.Ke1 Rc4 40.f3 
Rd4 41.Nf6+ Kf8 42.Nxh7+ Ke8 43.Nf6+ Kd8 44.Ne4 Kc8 45.Ke2 Kb8 46.Ra5 Kb7 
47.Ke3 Rd8 48.Nc5+ Kb6 49.Nb3 Rc8 50.Rd5 Ra8 51.Kd3 a2 52.Kc2 Bh8 53.h4 
Rc8+ 54.Kd2 Rc3 55.Rd3 Rc8 56.Rd5 Ra8 57.g4 Kc6 58.Rc5+ Kd6 59.Rc2 Ra3 60.
Ke2 Ke5 61.Kf2 Rxb3 62.Rxa2 Rb6 1/2-1/2

[Event "III Festival A"]
[Site "Bernate Ticino ITA"]
[Date "2000.07.09"]
[Round "7"]
[White "Cazzaniga, Walter"]
[Black "Lovati, Paolo"]
[Result "1-0"]
[WhiteElo "2170"]
[BlackElo "2084"]
[PlyCount "103"]
[EventDate "2000.07.06"]

1.d4 d5 2.c4 e6 3.Nc3 Bb4 4.Nf3 Nf6 5.Bg5 h6 6.Bxf6 Qxf6 7.e3 O-O 8.Qb3 c5
9.Be2 dxc4 10.Bxc4 a6 11.O-O b5 12.Be2 cxd4 13.Nxb5 axb5 14.Qxb4 dxe3 15.
Bxb5 Na6 16.Qe4 Nc7 17.Bd3 g6 18.fxe3 Qxb2 19.Qf4 Nd5 20.Qxh6 Qg7 21.Qxg7+
Kxg7 22.e4 Nc3 23.Rf2 Rd8 24.Bc4 Nxe4 25.Re2 f5 26.h4 Ba6 27.Bxa6 Rxa6 28.
Rc1 Rd7 29.Rec2 Kf6 30.Rb1 Re7 31.Rbb2 Ra3 32.Kh2 Rh7 33.Rb6 Re3 34.Rcc6 
Re7 35.a4 Nc3 36.a5 Nd5 37.Rb8 Ra3 38.a6 Rc7 39.Rd6 Ra2 40.Re8 Ne7 41.Ng5 
Ke5 42.Rxe6+ Kf4 43.Nf3 Nd5 44.Ng1 g5 45.Nh3+ Kg4 46.Rg6 Rh7 47.Rxg5+ Kxh4
48.Rxf5 Ne7 49.Rf4+ Kh5 50.Rb8 Rxa6 51.Rb5+ Kg6 52.Rg5+ 1-0

[Event "III Festival A"]
[Site "Bernate Ticino ITA"]
[Date "2000.07.09"]
[Round "7"]
[White "Chiodini, Walter"]
[Black "Morselli, Stefano"]
[Result "0-1"]
[WhiteElo "1551"]
[BlackElo "1696"]
[PlyCount "102"]
[EventDate "2000.07.06"]

1.d4 Nf6 2.c4 g6 3.Nc3 Bg7 4.e4 d6 5.f3 O-O 6.Be3 Nbd7 7.Rc1 c5 8.d5 Ne8 
9.Qd2 Ne5 10.b3 f5 11.Nge2 Qa5 12.Ng3 fxe4 13.fxe4 Ng4 14.Nge2 Nxe3 15.
Qxe3 Nf6 16.h3 Nh5 17.g4 Nf4 18.Nxf4 Bh6 19.Rc2 Bxf4 20.Qd3 Be5 21.Be2 Bd7
22.Rf1 Rxf1+ 23.Kxf1 Rf8+ 24.Bf3 a6 25.Kg2 e6 26.Qd2 Qd8 27.dxe6 Bxe6 28.
Nd5 Bxd5 29.exd5 Qh4 30.Qf2 Qg5 31.Qd2 Qf6 32.Qe3 Rf7 33.a3 Re7 34.Re2 Rf7
35.Rc2 Bd4 36.Qe2 Re7 37.Qf1 Qf4 38.Re2 Be5 39.Qf2 Bd4 40.Qe1 Rf7 41.Qg3 
Qc1 42.Re1 Qc2+ 43.Re2 Qxb3 44.h4 Be5 45.Qh3 Qxc4 46.g5 Qf4 47.Re4 Qd2+ 
48.Re2 Qc1 49.Qe6 Qxa3 50.Qe8+ Kg7 51.Bg4 Qg3+ 0-1

[Event "III Festival A"]
[Site "Bernate Ticino ITA"]
[Date "2000.07.09"]
[Round "7"]
[White "Cillo, Angelo"]
[Black "Cammarota, Vittorio"]
[Result "1/2-1/2"]
[WhiteElo "1734"]
[BlackElo "1690"]
[PlyCount "110"]
[EventDate "2000.07.06"]

1.d4 Nf6 2.Nf3 g6 3.c4 Bg7 4.Nc3 d6 5.e4 O-O 6.Be2 e5 7.dxe5 dxe5 8.Qxd8 
Rxd8 9.Bg5 Re8 10.Nd5 Nxd5 11.cxd5 c6 12.Bc4 b5 13.Bb3 a5 14.dxc6 Nxc6 15.
Bd5 Bb7 16.Rc1 Rac8 17.O-O Kf8 18.Rc5 Nd4 19.Rxc8 Nxf3+ 20.gxf3 Bxc8 21.
Bc6 Bh3 22.Rd1 Rb8 23.Rd8+ Rxd8 24.Bxd8 Be6 25.Bxb5 Bxa2 26.Bxa5 Bb3 27.
Bb4+ Kg8 28.Bc6 Bh6 29.Kg2 Bf4 30.Bd5 Bxd5 31.exd5 Bg5 32.Kg3 f5 33.Bd6 
Bf4+ 34.Kg2 Kf7 35.h3 Ke8 36.Kf1 Kd7 37.Bc5 h5 38.b4 h4 39.b5 Bg5 40.Ke2 
Bd8 41.Ke3 g5 42.Ke2 Bc7 43.b6 Bb8 44.Be3 g4 45.fxg4 fxg4 46.Bc5 gxh3 47.
Kf1 e4 48.Kg1 Ke8 49.Be3 Kd7 50.Bc5 Kc8 51.Be7 Kd7 52.Bxh4 Bd6 53.Bg5 Kc8 
54.Be3 Kb7 55.Kh1 Kb8 1/2-1/2

[Event "III Festival A"]
[Site "Bernate Ticino ITA"]
[Date "2000.07.09"]
[Round "7"]
[White "Giuberchio, Cesare"]
[Black "Brioschi, Camillo"]
[Result "0-1"]
[WhiteElo "1906"]
[BlackElo "1717"]
[PlyCount "126"]
[EventDate "2000.07.06"]

1.e4 e5 2.Nf3 Nc6 3.d4 exd4 4.Bc4 Nf6 5.Ng5 d5 6.exd5 Qe7+ 7.Kf1 Ne5 8.
Qxd4 Nxc4 9.Qxc4 Qc5 10.Qxc5 Bxc5 11.c4 O-O 12.Bf4 Bf5 13.Nd2 Bd3+ 14.Kg1 
Rfe8 15.h3 Re2 16.Ngf3 Bxf2+ 17.Kh2 Rae8 18.Rhd1 h6 19.Bxc7 g5 20.Bg3 
Bxg3+ 21.Kxg3 Nh5+ 22.Kh2 Nf4 23.Rg1 Rf2 24.Rae1 Ree2 25.Rxe2 Rxe2 26.Re1 
Rxg2+ 27.Kh1 Re2 28.Rxe2 Nxe2 29.Ne5 Bf5 30.Ng4 Bxg4 31.hxg4 Kf8 32.Kg2 
Nd4 33.Kf2 f5 34.gxf5 Nxf5 35.Ne4 b6 36.Nf6 Ke7 37.Ng4 Kd6 38.Kf3 Kc5 39.
b3 a5 40.Ke4 Nd6+ 41.Ke5 Nf7+ 42.Kf6 h5 43.Nf2 Nd6 44.Kxg5 b5 45.Nd3+ Kd4 
46.Nf4 bxc4 47.bxc4 Nxc4 48.Kf5 h4 49.a4 Kc3 50.Ke4 Kb4 51.Kd4 Nd6 52.Ke5 
Nb7 53.Kd4 Kxa4 54.Nd3 h3 55.Nf2 h2 56.Kc4 Nd6+ 57.Kc5 Ne4+ 58.Nxe4 h1=Q 
59.Nc3+ Kb3 60.Nb5 Qc1+ 61.Kb6 Kb4 62.Nc7 Qc5+ 63.Kb7 Qd6 0-1

[Event "III Festival A"]
[Site "Bernate Ticino ITA"]
[Date "2000.07.09"]
[Round "7"]
[White "Lapiccirella, Mattia"]
[Black "Provera, Emanuele"]
[Result "1-0"]
[WhiteElo "2144"]
[BlackElo "1759"]
[PlyCount "89"]
[EventDate "2000.07.06"]

1.d4 b6 2.c4 Bb7 3.Nf3 e6 4.a3 Nf6 5.Nc3 Ne4 6.Qc2 f5 7.g3 Be7 8.Bg2 Nxc3 
9.Qxc3 O-O 10.O-O d6 11.b4 Nd7 12.Bb2 Bf6 13.Rfd1 c5 14.Qb3 Qc7 15.dxc5 
dxc5 16.Bxf6 Nxf6 17.Ne1 Ne4 18.Nd3 cxb4 19.axb4 Rfc8 20.f3 Nd6 21.c5 Bd5 
22.cxd6 Bxb3 23.dxc7 Bxd1 24.f4 Bxe2 25.Ne5 a5 26.Bxa8 Rxc7 27.bxa5 Ra7 
28.Bc6 bxa5 29.Bd7 g6 30.Bxe6+ Kg7 31.Kf2 Bb5 32.Rb1 Ba4 33.Rb8 Bc2 34.Rc8
Be4 35.Rc3 Kf6 36.Bd7 g5 37.Bc6 gxf4 38.gxf4 a4 39.Ra3 Bc2 40.Ke3 Rg7 41.
Kd4 h5 42.Bxa4 Ra7 43.Nd7+ Ke7 44.Nc5 Kd6 45.Rg3 1-0

[Event "III Festival A"]
[Site "Bernate Ticino ITA"]
[Date "2000.07.09"]
[Round "7"]
[White "Morganti, Lionello"]
[Black "Tosetto, Flavio"]
[Result "1/2-1/2"]
[WhiteElo "1726"]
[BlackElo "1528"]
[PlyCount "70"]
[EventDate "2000.07.06"]

1.e4 e5 2.Nf3 Nc6 3.Bb5 a6 4.Ba4 Nf6 5.O-O b5 6.Bb3 Be7 7.Re1 O-O 8.c3 d5 
9.exd5 Nxd5 10.Nxe5 Nxe5 11.Rxe5 c6 12.d4 Bd6 13.Re1 Qh4 14.g3 Qh3 15.Bxd5
cxd5 16.Qf3 Bg4 17.Qxd5 Rad8 18.Qg2 Qh5 19.Be3 Bf3 20.Qf1 f5 21.Nd2 f4 22.
Nxf3 fxg3 23.hxg3 Rxf3 24.Qg2 Rdf8 25.Qh2 Qd5 26.Qg2 g5 27.Qh3 g4 28.Qxg4+
Kh8 29.Bh6 Rg8 30.Re8 Bf8 31.Rxf8 Rfxf8 32.Qh4 Rf3 33.Bf4 Rg6 34.Qh1 Qe4 
35.Be5+ Kg8 1/2-1/2

[Event "III Festival A"]
[Site "Bernate Ticino ITA"]
[Date "2000.07.09"]
[Round "7"]
[White "Perotti, Davide"]
[Black "Pedemonte, Claudio"]
[Result "1-0"]
[WhiteElo "1701"]
[BlackElo "2013"]
[PlyCount "111"]
[EventDate "2000.07.06"]

1.Nf3 Nf6 2.c4 c5 3.b3 e6 4.g3 b6 5.Bg2 Bb7 6.O-O d5 7.Qc2 Be7 8.Bb2 O-O 
9.Nc3 d4 10.Nd1 Nc6 11.a3 Qc7 12.e3 e5 13.exd4 exd4 14.Re1 Rfe8 15.d3 Bd6 
16.Bc1 Rxe1+ 17.Nxe1 Re8 18.Bd2 Ne5 19.f4 Neg4 20.h3 Ne3 21.Nxe3 dxe3 22.
Bc3 Nh5 23.Bxb7 Qxb7 24.Qg2 Qe7 25.Ra2 e2 26.Bd2 Qe6 27.f5 Qe5 28.g4 Qd4+ 
29.Qf2 Bh2+ 30.Kg2 Nf4+ 31.Bxf4 Qxf4 32.Qxf4 Bxf4 33.Kf2 g6 34.fxg6 fxg6 
35.Rxe2 Rf8 36.Kg2 Kf7 37.Re4 g5 38.d4 cxd4 39.Rxd4 Ke6 40.Nd3 h6 41.Nxf4+
gxf4 42.Kf3 Ke5 43.Re4+ Kd6 44.Rxf4 Re8 45.Rf6+ Ke5 46.Rxh6 Kd4 47.Rd6+ 
Kc3 48.b4 Kxc4 49.g5 Kb3 50.Rd3+ Kc4 51.Re3 Rh8 52.Kg4 Kd4 53.Rf3 Ke4 54.
h4 Rd8 55.g6 Rd1 56.g7 1-0

[Event "III Festival A"]
[Site "Bernate Ticino ITA"]
[Date "2000.07.09"]
[Round "7"]
[White "Rossi, Giampiero"]
[Black "Qendro, Llambi"]
[Result "0-1"]
[WhiteElo "2101"]
[BlackElo "2357"]
[PlyCount "63"]
[EventDate "2000.07.06"]

1.d4 g6 2.c4 Bg7 3.g3 d6 4.Bg2 Nf6 5.Nc3 O-O 6.Nf3 c6 7.O-O Nbd7 8.Qc2 Qc7
9.Rd1 Re8 10.b3 e5 11.h3 h6 12.e3 Rb8 13.Ba3 Bf8 14.Rac1 Qa5 15.Bb2 e4 16.
Nd2 d5 17.a3 b5 18.b4 Qd8 19.cxb5 cxb5 20.Qb3 Nb6 21.Nxb5 Qd7 22.Nc3 a5 
23.b5 a4 24.Qa2 Bd6 25.Bf1 Nh5 26.Bg2 Qf5 27.Nf1 Nf6 28.Rc2 Qh5 29.g4 Qh4 
30.Bc1 h5 31.gxh5 Nxh5 32.Ne2 0-1

[Event "III Festival A"]
[Site "Bernate Ticino ITA"]
[Date "2000.07.09"]
[Round "7"]
[White "Sartorio, Diego"]
[Black "Di Giovanni, Isidoro"]
[Result "1-0"]
[WhiteElo "1705"]
[BlackElo "1498"]
[PlyCount "49"]
[EventDate "2000.07.06"]

1.e4 e5 2.Nf3 Nc6 3.d4 exd4 4.Nxd4 Nxd4 5.Qxd4 d6 6.Bd3 Nf6 7.O-O Be7 8.h3
O-O 9.Be3 b6 10.c4 c5 11.Qc3 Bb7 12.Qc2 Qd7 13.Nc3 Rac8 14.Rad1 Rfd8 15.
Rfe1 Bc6 16.e5 Ne8 17.Bxh7+ Kh8 18.Bf5 Qb7 19.Bxc8 Rxc8 20.Nd5 Nc7 21.Nxe7
Bxg2 22.Qf5 g6 23.Qf6+ Kh7 24.Qh4+ Kg7 25.Qh6# 1-0